Письмо Лорис-Меликова М. Т. председателю совета Владикавказского училища имени Лорис-Меликова о необходимости избрания почетного...

RUSMARC
00005391nac2a22003493x 450
001bf4536ee-f801-4027-b439-9c41a686aba8
00520240819192954.0
100##$a20240716l1887 k y0rusy50 ca
1010#$arus
102##$aRU
105##$ay z |||||
1220#$ad18870131
2001#$aПисьмо Лорис-Меликова М. Т. председателю совета Владикавказского училища имени Лорис-Меликова о необходимости избрания почетного смотрителя училища
$j01.1887
215##$a1 лист
$d32 х 22,3
251##$cДело
300##$aЗаголовок дела на папке: Письмо М. Т. Лорис-Меликова председателю совета Владикавказского училища имени Л.-Меликова о необходимости избрания почетного смотрителя училища
300##$aРукописный текст
325##$aЗамикрофильмировано
330##$aВходит в раздел описи: Материалы о Владикавказском ремесленном училище имени Лорис-Меликова 1886 - 1888 гг.
461#0$1001cda3d175-ae4a-411a-8dea-9cc20fb178f6
$12001
$aЛорис-Меликов Михаил Тариелович, граф, министр внутренних дел, главный начальник "верховной распорядительной комиссии по охранению государственного порядка и общественного спокойствия", генерал от кавалерии
$1251
$cФонд
$1852
$j569
462#0$1001163e060a-d7cc-404d-90ee-e28c9801971b
$12001
$aОпись дел фонда М. Т. Лорис-Меликова за 1858-1915 гг.
$vД. 120
$1251
$cОпись
$1852
$j1
5171#$aПисьмо М. Т. Лорис-Меликова председателю совета Владикавказского училища имени Л.-Меликова о необходимости избрания почетного смотрителя училища
600#1$aЛорис-Меликов
$bМ. Т.
$gМихаил Тариелович
60102$aВладикавказское ремесленное училище им. М. Т. Лорис-Меликова
605##$3DITM\AF\0000002775
$aВласть
$lколлекция
$2acquisition_prlib
6101#$aПисьма
$aПочетный смотритель
686##$a63.3(2)535-332ю1
$cИстория
$2rubbk
686##$a67.400.6ю1
$cПраво
$2rubbk
700#1$aЛорис-Меликов
$bМ. Т.
$gМихаил Тариелович
801#0$aRU
$bGA_RF
801#1$aRU
$bГлавНИВЦ
$c20240716
$2rusmarc
801#2$aRU
$bПБ им. Б.Н. Ельцина
$c20240819
$gRCR
$2rusmarc
852##$aГА РФ
$j120
937##$d193623200
$hГАРФ
035##$aRuPRLIB51076479
856##$uhttp://readingroom.main.prlib.ru/item.aspx?id_node=n193623200&mode=full
Формат отображения